000 00414pab a2200133 454500
008 180718b1983 xxu||||| |||| 00| 0 eng d
100 _aHamilton, Randy
245 _aThe world turned upside down
_bThe contemporary revolution in state and local government capital financing
260 _c1983
362 _aJan.-Feb.
650 _aGovernment Bonds - U.S.A.
773 _aPublic Administration Review
909 _a9104
999 _c9104
_d9104